The new cambridge english course : student 1 /
Guardado en:
| Autor Principal: | |
|---|---|
| Otros Autores: | |
| Formato: | Libro |
| Publicado: |
New York :
University of Cambridge,
1990
|
| Materias: | |
| Etiquetas: |
Agregar Etiqueta
Sin Etiquetas, Sea el primero en etiquetar este registro!
|
| LEADER | 00827nam a22002295a 4500 | ||
|---|---|---|---|
| 001 | CEM.cems010258 | ||
| 005 | 20080526125407.0 | ||
| 008 | 130507s1990##################000#0#####d | ||
| 003 | CEMS | ||
| 020 | |a 0521376378 | ||
| 082 | 0 | 4 | |a 428.64 |
| 100 | 1 | |a Swan, Michael | |
| 245 | 1 | 0 | |a The new cambridge english course : |b student 1 / |c Michael Swanm Catherine Walter |
| 260 | |a New York : |b University of Cambridge, |c 1990 | ||
| 300 | |a 135 p. | ||
| 653 | |a Inglés | ||
| 653 | |a Inglés-textos | ||
| 700 | 1 | |a Walter, Catherine | |
| 859 | |a CEMS |b BIB. CEMS - 11 de abril |h 428.64 |i Sw99 |p 20803.00 |t Ej.1 |v 1 |3 1 | ||
| 859 | |a CEMS |b BIB. CEMS - 11 de abril |h 428.64 |i Sw99 |p 20804.00 |t Ej.2 |v 1 |3 1 | ||
| 859 | |a CEMS |b BIB. CEMS - 11 de abril |h 428.64 |i Sw99 |p 20805.00 |t Ej.3 |v 1 |3 1 | ||
| 859 | |a CEMS |b BIB. CEMS - 11 de abril |h 428.64 |i Sw99 |p 20806.00 |t Ej.4 |v 1 |3 1 | ||
